Famous TV Couples Quiz Stats

 Plays Quiz Updated Mar 1, 2015

Support Sporcle.
Go Orange.
Score 0/26 Timer 05:00
8 Plays Today
% Correct
Kermit the Frog
95.8%
Chandler Bing
92.2%
Leonard Hofstadter
75.2%
Fox Mulder
74.5%
Mr. Big
74.1%
Barney Stinson
72%
Cory Matthews
63.2%
Niles Crane
61.7%
Jim Halpert
58.8%
Sam Malone
58.2%
Derek Shepherd
55.1%
Eric Forman
54.3%
John 'J.D.' Dorian
48.5%
% Correct
Finn Hudson
45.4%
Cameron Tucker
44.4%
Philip J. Fry
44%
Ben Wyatt
43.5%
Richard Castle
36.7%
Fred Jones
30.4%
Drew Carey
28.6%
Dick Solomon
26.7%
Rory Williams
25.9%
James 'Sawyer' Ford
25%
Willow Rosenberg
24.7%
Logan Echolls
24.5%
Chuck Bartowski
23.1%

You're not logged in!

Compare scores with friends on all Sporcle quizzes.
OR
Log In

From the Vault

Alive for Five? (Movie Edition)

by Hejman

For some of these series, one was already too many.
Remove Ads.
Support Sporcle.
Get the best of Sporcle when you Go Orange. This ad-free experience offers more features, more stats, and more fun while also helping to support Sporcle. Thank you for becoming a member.

Show Comments

Extras

Top Quizzes Today


Score Distribution

Your Account Isn't Verified!

In order to create a playlist on Sporcle, you need to verify the email address you used during registration. Go to your Sporcle Settings to finish the process.

Report this User

Report this user for behavior that violates our Community Guidelines.

Details: